000 00292nam a22001337a 4500
008 180814b xxu||||| |||| 00| 0 eng d
020 _a9780335216840
041 _aeng
080 _24th
_a37
100 _a25
101 _aEDU
245 _aHow to get a PhD
_cPhillips,E.M
942 _2udc
_cBK
999 _c47136
_d47136